| 000 | 00508nam a2200181 a 4500 | ||
|---|---|---|---|
| 001 | 2384 | ||
| 003 | CDMR | ||
| 005 | 20130930133902.0 | ||
| 008 | 130130s1961||||||||||||||||||||||||||||d | ||
| 040 |
_aCDMR _bcat _cCDMR |
||
| 100 | 1 |
_aManjarrez, Daniel C. _91777 |
|
| 245 | 1 | 3 |
_aLa televisión, su producción y dirección _cDaniel C. Manjarrez |
| 260 |
_aMéxico _c1961 _bMayo |
||
| 300 | _a198 p. | ||
| 650 | 0 | 4 |
_9433 _aTelevisió _xProducció i direcció |
| 650 | 0 | 4 |
_93785 _aTelevisió _xTècnica |
| 942 |
_cMON _2udc |
||
| 999 |
_c2384 _d2384 |
||